Online Public Access Catalogue

Elsevier's Integrated Pharmacology (Record no. 5879)

MARC details
000 -LEADER
fixed length control field 00438nam a2200157Ia 4500
020 ## - INTERNATIONAL STANDARD BOOK NUMBER
International Standard Book Number 9780323034081
082 ## - DEWEY DECIMAL CLASSIFICATION NUMBER
Classification number 615.1
Author Mark KES
100 ## - MAIN ENTRY--PERSONAL NAME
Author Name Kester,Mark
245 #0 - TITLE STATEMENT
Title Elsevier's Integrated Pharmacology
Statement of responsibility, etc. Kester,Mark
260 ## - PUBLICATION, DISTRIBUTION, ETC.
Place of publication, distribution, etc. Philadelphia
Name of publisher, distributor, etc. Mosby Elsevier
Date of publication, distribution, etc. 2007
300 ## - PHYSICAL DESCRIPTION
No of Pages 235
illustrations 27cm
504 ## - BIBLIOGRAPHY, ETC. NOTE
Bibliography, Index, etc. note Includes: Index
650 ## - SUBJECT ADDED ENTRY--TOPICAL TERM
Subject Pharmacology
700 ## - ADDED ENTRY--PERSONAL NAME
Personal name Vrana, Kent E.
-- Quraishi,Sadeq A.
-- Karpa,Kelly Dowhower
942 ## - ADDED ENTRY ELEMENTS (KOHA)
Koha item type Books
Source of classification or shelving scheme
952 ## - LOCATION AND ITEM INFORMATION (KOHA)
-- 2018-03-16
Holdings
Withdrawn status Lost status Source of classification or shelving scheme Damaged status Not for loan Home library Current library Shelving location Date acquired Total Checkouts Total Renewals Full call number Barcode Date last seen Date last checked out Koha item type
          Islamabad Medical and Dental College Islamabad Medical and Dental College Islamabad Medical and Dental College 16/03/2018 4 2 615.1 KES 7627 13/01/2026 12/09/2025 Books

Copyright @ IMDC Library
Islamabad Medical and Dental College
Bhara Kahu, Islamabad

  Contact the Librarian, IMDC
  Email:: library@imdcollege.edu.pk

  OPAC Customized by
  Mazhar Hussain,
  Librarian:
  Islamabad Medical and Dental College
  Email:: library@imdcollege.edu.pk